| 000 | 00557nam a2200169 i 4500 | ||
|---|---|---|---|
| 001 | 79902 | ||
| 003 | ES-MaACL | ||
| 005 | 20250907063050.0 | ||
| 007 | t| | ||
| 008 | 041025s1924 fr ||||1| fre d | ||
| 100 | 1 |
_aHesnard, Angelo-Louis-Marie, _d1886-1969 _9144386 |
|
| 245 | 1 | 3 |
_aLa relativite de la conscience de soi _b: introduction a la Pychologie clinique / _cpar A. Hesnard. |
| 260 |
_aParis : _b[s.n., _c1924] ( _eTours : _fE. Arrault et Cie) |
||
| 300 |
_aXVI, 144 p. ; _c19 cm. |
||
| 852 |
_aES-MaACL _jF-11923 |
||
| 999 |
_c79902 _d79902 |
||